Flagi Europy - Quiz na mapie - Statystyki

Ogólne statystyki
  • Ten quiz został rozwiązany 40 895 razy
  • Średni wynik to 30 z 45
Odpowiedzi na mapie
Odpowiedzi zakodowano w zielono-czerwonej skali na mapie do tego quizu, zgodnie z poniższymi procentami.
 
Statystyki odpowiedzi
Odpowiedź % Poprawnych
Hiszpania
87%
Wielka Brytania
86%
Portugalia
85%
Francja
84%
Wlochy
83%
Irlandia
82%
Niemcy
82%
Rosja
82%
Polska
82%
Grecja
79%
Ukraina
78%
Norwegia
77%
Czechy
76%
Szwecja
76%
Finlandia
76%
Dania
76%
Islandia
74%
Belgia
74%
Estonia
73%
Bialorus
73%
Szwajcaria
69%
Litwa
68%
Austria
68%
Slowacja
67%
Lotwa
67%
Holandia
66%
Chorwacja
63%
Luksembourg
62%
Watykan
61%
Rumunia
60%
Wegry
58%
Albania
56%
Bosnia i Hercegowina
55%
Bulgaria
54%
Liechtenstein
54%
Malta
54%
Kosovo
54%
Monako
54%
Slowenia
53%
San Marino
53%
Serbia
52%
Macedonia Północna
51%
Moldawia
50%
Andora
48%
Czarnogóra
47%
Nie znaleziono quizów pasujących do podanych kryteriów
Rozkład punktacji
Procent ludzi z każdym wynikiem
Percentyl według liczby udzielonych odpowiedzi
Twoja historia wyników
Nie rozwiązałeś tego quizu